Psychedelic Prn Crumpets Songs - Statistics

General Stats
  • This quiz has been taken 3 times
  • The average score is 14 of 65
Answer Stats
Answer % Correct
...And the Addled Abstraction of Being
67%
Bills Mandolin
67%
Cornflake
67%
Denmark / Van Gogh & Gone
67%
Gurzle
67%
November
67%
Surf's Up
67%
Tally Ho
67%
The Terrors
67%
Big Dijon
33%
Bubblegum Infinity
33%
Buzz
33%
Cubensis Lenses
33%
Dezi's Adventure
33%
Dilemma Us From Evil
33%
Entropy
33%
Ergophobia
33%
Found God in a Tomato
33%
Gallop to Southport
33%
High Visceral
33%
Hot! Heat! Wow! Hot!
33%
Hymn for a Droid
33%
Marmalade March
33%
Mr & Mrs Misanthrope
33%
Mr. Prism
33%
Pillhouse (Papa Moonshine)
33%
Sawtooth Monkfish
33%
Sierra Nevada
33%
Slinky / Holy Water
33%
Social Candy
33%
The Tale of Gurney Gridman
33%
When in Rome
33%
Acid Dent
0%
All Aboard the S.S. Sinker
0%
Bob Holiday
0%
Coffee
0%
Cpt. Gravity Mouse Welcome
0%
Dependant on Mary
0%
Digital Hunger
0%
Dread & Butter
0%
Fields, Woods, Time
0%
First Light in the Garden at Chipping
0%
Glitter Bug
0%
Hats Off to the Green Bins
0%
Illusions of Grandeur
0%
(I'm a Kadaver) Alakazam
0%
In Dream, Out
0%
It's Not Safe to Leave This House
0%
Keen for Kick Ons?
0%
Lava Lamp Pisco
0%
Mango Terrarium
0%
Microwave Dave
0%
More Glitter
0%
Move
0%
Mundungus
0%
My Friend's a Liquid
0%
Native Tongue
0%
Nek
0%
Night Gnomes
0%
Nootmare (K.I.L.L.I.N.G) Meow!
0%
Pukebox
0%
Round the Corner
0%
Sherbet Straws
0%
Terminus, the Creator
0%
Tripolasaur
0%
No matching quizzes found
Score Distribution
Percent of People with Each Score
Percentile by Number Answered
Your Score History
You have not taken this quiz